Hinduism : (Record no. 150576)
[ view plain ]
| 000 -LEADER | |
|---|---|
| fixed length control field | 00513nam a22001817a 4500 |
| 005 - DATE AND TIME OF LATEST TRANSACTION | |
| control field | 20180327125156.0 |
| 010 ## - LCCN (DPL NO) | |
| LC control number | ENG-122414 |
| 020 ## - INTERNATIONAL STANDARD BOOK NUMBER | |
| Terms of availability | 750.00 |
| International Standard Book Number | 9788193027721 |
| 035 ## - SYSTEM CONTROL NUMBER | |
| System control number | EN-105946 |
| 037 ## - SOURCE OF ACQUISITION | |
| Source of stock number/acquisition | DBAD/PUB |
| 082 ## - DEWEY DECIMAL CLASSIFICATION NUMBER | |
| Classification number | 181.45 |
| 100 ## - MAIN ENTRY--PERSONAL NAME | |
| Personal name | Bhardwaj, Umesh |
| 245 ## - TITLE STATEMENT | |
| Title | Hinduism : |
| Statement of responsibility, etc | by Umesh Bhardwaj |
| Remainder of title | Bhakti Yoga / |
| 260 ## - PUBLICATION, DISTRIBUTION, ETC. (IMPRINT) | |
| Place of publication, distribution, etc | Allahabad |
| Name of publisher, distributor, etc | Om Publication |
| Date of publication, distribution, etc | 2016 |
| 270 ## - ADDRESS | |
| City | Allahabad |
| Postal code | 211003 |
| Address | 59, Pandariba |
| 300 ## - PHYSICAL DESCRIPTION | |
| Extent | 272p. |
| Dimensions | 23cm.(Hb) |
| Other physical details | ill. |
| 942 ## - ADDED ENTRY ELEMENTS (KOHA) | |
| Source of classification or shelving scheme | Dewey Decimal Classification |
| Item type | English Books |
| Call number suffix | BHA |
| Classification part | 181.45 |
| Withdrawn status | Lost status | Not for loan | Collection code | Home library | Current library | Date acquired | Source of acquisition | Cost, normal purchase price | Full call number | Barcode | Copy number | Cost, replacement price | Koha item type |
|---|---|---|---|---|---|---|---|---|---|---|---|---|---|
| Non-fiction | Narela | Narela | 27/03/2018 | DBAD/PUB | 750.00 | 181.45 BHA | EN-105946 | 1 | 750.00 | English Books |
